000 00575nam a2200169 a 4500
001 000029411
005 20200930055530.0
008 110415s1975 dr 000 0 spa d
040 _aDO-SdBNP
_bspa
_cBNPHU
082 _axxxx
_bH542c
100 1 _aHeredia P., César Meriño
_956290
245 1 4 _aLas cooperativas de ahorro y crédito. /
_cCésar Meriño Heredia P.
260 _a[Santo Domingo] :
_binstituto de Desarrollo y Crédito Cooperativo (IDECOOP),
_c1975.
300 _a44 p.
_a23 cm.
500 _aEn la cubiert: lecciones básicas de cooperativas
049 _aBNPD
999 _c28903
_d28903